| 000 | 01055pam a2200289 a 4500 | ||
|---|---|---|---|
| 001 | 2909435 | ||
| 003 | ARRUPE | ||
| 005 | 20140129180659.0 | ||
| 008 | 880916s1989 enka b 001 0 eng | ||
| 010 | _a 88007647 | ||
| 020 | _a0198239122 | ||
| 040 |
_aDLC _cDLC _dDLC |
||
| 050 | 0 | 0 |
_aHB846.5 _b.D4 1989 |
| 082 | 0 | 0 |
_a363 _219 |
| 100 | 1 |
_aDe Jasay, Anthony, _d1925- _97286 |
|
| 245 | 1 | 0 |
_aSocial contract, free ride : _ba study of the public goods problem / _cAnthony de Jasay. |
| 260 |
_aOxford _bOxford University Press, _c1989. |
||
| 300 |
_avi, 256 p. : _bill. ; _c23 cm. |
||
| 500 | _aIncludes index. | ||
| 504 | _aBibliography: p. [245]-248. | ||
| 650 | 0 |
_aPublic goods. _97287 |
|
| 650 | 0 |
_aSocial contract. _97288 |
|
| 856 | 4 | 2 |
_3Publisher description _uhttp://www.loc.gov/catdir/enhancements/fy0640/88007647-d.html |
| 906 |
_a7 _bcbc _corignew _d1 _eocip _f19 _gy-gencatlg |
||
| 942 |
_2lcc _cMONOGRAPH |
||
| 999 |
_c119766 _d119766 |
||